000 00602cam a2200217 4500
001 J61265
008 000000n2000 000 0 eng u
035 _a(Sirsi) u105925
041 _aeng
050 _a333.337
110 _aLambert Smith Hampton
_92865
245 _aSlough office quarter report January, June, September & annual review 2000
260 _aSlough
_bLambert Smith Hampton
_c2000
300 _a4pt. ; 30cm.
650 _aFLOORSPACE STATISTICS
650 _aOFFICES
650 _aSLOUGH
650 _aPROPERTY MARKET
690 _aPROPERTY-COMMERCIAL PROPERTY
942 _n0
999 _c100501
_d100501